Statistics for 首都高速道路のIC

Click here to take the quiz!

General Stats

  • This quiz has been taken 293 times
  • The average score is 100 of 223

Answer Stats

C1都心環状線% Correct
IC渋谷
86%
IC羽田
84%
IC新宿
81%
IC上野
79%
JCT | JCT/IC/PA大井
77%
IC目黒
76%
IC台場
76%
JCT/IC/PA箱崎
75%
JCT大橋
75%
IC銀座
73%
IC/JCT三郷
73%
JCT/PA大黒
72%
JCT | JCT/IC小松川
70%
JCT板橋
69%
JCT | PA川口
69%
IC八重洲
69%
IC晴海
69%
JCT | JCT/IC葛西
68%
IC高井戸
66%
JCT西新宿
65%
JCT | PA/JCT辰巳
64%
PA/IC用賀
64%
JCT美女木
64%
IC初台
64%
IC新木場
64%
IC向島
63%
JCT竹橋
63%
IC/PA/JCT | JCT/IC大師
63%
PA/IC代々木
62%
IC東池袋
61%
IC豊洲
61%
JCT/IC汐留
60%
IC浦安
60%
IC三軒茶屋
60%
JCT江戸橋
60%
IC/JCT三ツ沢
59%
JCT両国
58%
IC入谷
57%
IC新橋
57%
JCT | JCT/IC有明
57%
JCT狩場
57%
IC/PA平和島
55%
IC五反田
55%
JCT/IC京橋
55%
IC池尻
55%
JCT三宅坂
54%
JCT浜崎橋
54%
IC芝公園
53%
IC霞が関
53%
JCT東雲
52%
JCT | JCT/IC小菅
52%
JCT/IC | JCT/PA芝浦
52%
IC幡ヶ谷
51%
JCT | JCT/IC生麦
51%
IC空港中央
51%
IC与野
50%
IC錦糸町
49%
IC戸田
49%
JCT | JCT/IC神田橋
49%
PA/IC八潮
49%
IC舞浜
49%
IC護国寺
49%
JCT川崎浮島
48%
JCT谷町
48%
IC飯田橋
48%
IC木場
47%
IC/JCT横浜青葉
47%
ICみなとみらい
47%
JCT熊野町
46%
IC/PA永福
46%
IC横浜駅西口
46%
JCT江北
46%
JCT堀切
46%
IC/JCT | JCT石川町
45%
IC浮島
45%
IC戸越
44%
IC高島平
44%
IC北池袋
44%
IC西池袋
43%
IC/PA加平
43%
IC磯子
43%
JCT本牧
43%
PA市川
43%
JCT昭和島
43%
IC新都心
42%
IC新横浜
41%
IC東扇島
41%
IC宝町
40%
IC大井南
40%
IC横浜駅東口
40%
JCT高谷
40%
IC新富町
40%
IC荏原
40%
PA志村
40%
IC外苑
39%
IC子安
38%
IC杉田
38%
IC臨海副都心
38%
ICさいたま見沼
37%
JCT東海
37%
JCT | JCT/IC西銀座
37%
IC東銀座
37%
IC早稲田
37%
IC一之江
37%
IC扇大橋
36%
IC中野長者橋
36%
PA南池袋
36%
IC永田
36%
JCT一ノ橋
36%
IC空港西
35%
IC千鳥町
35%
IC一ツ橋
35%
IC王子北
35%
IC大黒ふ頭
35%
IC丸の内
34%
IC板橋本町
34%
IC安行
33%
IC天現寺
33%
IC東神奈川
33%
IC王子南
33%
IC富ヶ谷
33%
IC浜町
32%
IC横浜公園
32%
IC北の丸
32%
IC千住新橋
32%
IC幸浦
32%
IC浜川崎
32%
IC飯倉
31%
IC四つ木
31%
IC枝川
31%
IC/PA駒形
31%
IC高樹町
31%
IC湾岸環八
30%
IC戸田南
30%
IC三渓園
30%
IC中環大井南
29%
IC塩浜
29%
IC初台南
29%
IC浦和南
28%
JCT金港
28%
JCT/IC横浜港北
28%
IC西神田
28%
IC本牧ふ頭
28%
IC浦和北
27%
IC本町
27%
IC鈴ヶ森
27%
IC新山下
26%
IC八潮南
26%
IC鹿浜橋
26%
IC高松
26%
IC平井大橋
26%
IC浅田
25%
IC滝野川
24%
IC新井宿
24%
IC殿町
24%
IC岸谷生麦
24%
IC馬場
24%
IC山下町
24%
IC足立入谷
23%
IC代官町
23%
IC清新町
23%
IC中台
22%
IC新板橋
22%
IC堤通
22%
IC新都心西
22%
IC阪東橋
21%
IC勝島
21%
IC福住
21%
IC清洲橋
20%
IC汐入
20%
IC土橋
20%
IC船堀橋
20%
IC東領家
18%
IC南本牧ふ頭
17%
IC新郷
16%
IC花之木
16%
IC守屋町
16%
IC中環小松川
15%
IC新京橋
14%
IC加賀
13%

Score Distribution

Percentile by Number Answered

Percent of People with Each Score

Your Score History

You have not taken this quiz